Word Ladder: Harry & Katniss? Quiz Stats

 Plays Quiz Updated Jul 8, 2014

Support Sporcle.
Go Orange.
Score 0/24 Timer 04:00
2 Plays Today
Hint Word % Correct
Lacking speedSLOW
91.4%
Surname of president of Panem*SNOW
80%
____ Hemsworth, actor from Hunger Games*LIAM
75.4%
Form of Harry's Patronus*STAG
73.6%
Eldest Weasley child*BILL
72%
Knight Bus conductor ____ Shunpike*STAN
69.5%
Bitter, alkaline, yellowish liquid secreted by the liverBILE
64.3%
Gryffindor ____ Thomas*DEAN
63.7%
Best friend of Katniss*GALE
62.4%
Former name of ThailandSIAM
61.2%
Plant with stem and containing kernels on large earsCORN
60.1%
President of District 13 Alma ____*COIN
55.5%
Hint Word % Correct
Poorest part of District 12*SEAM
54.5%
Oliver Wood actor ____ Biggerstaff*SEAN
53.1%
Large package prepared for shipping or storageBALE
51.1%
To hit hard or drive with blowsSLOG
50.7%
To incline or bendLEAN
50.4%
Slang for cigarSTOG
49.2%
Cord or strap for leading a dogLEAM
46.6%
To change from a liquid to a gaseous stateBOIL
46%
To wind in continuously spaced ringsCOIL
44.5%
Rounded seed vessel or a pod of a plantBOLL
41.6%
Actor Michael, played Klingon Worf in Star Trek franchiseDORN
36.6%
Captain of Arizona Coyotes hockey team ShaneDOAN
33.9%

Today's Daily Dose

Word Ladder
GOT7 Songs

Quick Pick
Women Comedians

Get the Picture
Collectibles

From the Vault

Saturday Sudoku LVIII

by westiegames

Be thankful you don't need to solve a Rubik's cube at the same time.
Remove Ads.
Support Sporcle.
Get the best of Sporcle when you Go Orange. This ad-free experience offers more features, more stats, and more fun while also helping to support Sporcle. Thank you for becoming a member.

Show Comments

Extras

Top Quizzes Today


Score Distribution

Your Account Isn't Verified!

In order to create a playlist on Sporcle, you need to verify the email address you used during registration. Go to your Sporcle Settings to finish the process.

Report this User

Report this user for behavior that violates our Community Guidelines.

Details: